000 00347pam a2200145a 44500
008 230405s xxu||||| |||| 00| 0 eng d
041 _aENG
100 _aSINGHAL K G
245 _aPHARMACOLOGY LABORATORY MANAL VOL 1
250 _a2 1999
260 _aNEW DELHI
_bCBS PUBLISHERS DELHI
_c
300 _a66
650 _aPHARMACOLOGY
906 _a356
999 _c265795
_d265795